00391nam a2200133Ia 4500008004100000020001500041041001200056082001600068100001800084245008700102260003900189300000800228650002100236221030s9999 xx 000 0 und d a812970210x aEnglish a105.23bMar aG. M. Marakas 0aModern Data Warehousing, Mining, & Visulazation ( DEPARTMENTAL )cby G. M. Marakas bPearson EducaitonaNew Delhic2003 a274 aCSE Departmental